000 01513cam a22003857a 4500
003 CHAP
005 20220329133543.0
008 971013s1983 r 00010 d
010 _a7791
011 _a8763
035 _a7993
040 _cCHAP
082 _a580.972
_bU55 v.2
110 _aUniversidad Nacional Autónoma de México. Instituto de Biología
_9116539
245 0 _aListados florísticos de México
_b: flora de Quintana Roo
260 _aMéxico, D.F.:
_bUNAM,
_c1983
300 _a100 p
590 _aBATCH-UPD
_b10
_c20130110
_lUCH01
_h0237
590 _aBATCH-UPD
_b10
_c20130110
_lUCH01
_h1041
590 _aBATCH-UPD
_b10
_c20130409
_lUCH01
_h2302
590 _aBATCH-UPD
_b10
_c20130410
_lUCH01
_h1530
590 _aBATCH-UPD
_b10
_c20130914
_lUCH01
_h0727
590 _aCONVERSION
_b10
_c20130109
_lUCH01
_h1305
650 1 4 _aBotánica
_xQuintana Roo.
_914611
650 1 4 _aBotánica
_zMéxico.
_914641
700 0 _aCabrera Cano, Edgar Francisco.
_916648
700 0 _aSousa Sánchez, Mario.
_9108957
901 _aBK
942 _cLIBRO
949 _a580.972 U55 v.2
_bBC
_cC
_d33724000642997
_eC
_gI. c/e
_h61804
_i7993
_si
949 _a580.972 U55 v.2
_bBC
_cLIBRO
_d33724000522603
_eLIBRO
_fc.3
_gI. c/e
_h75771
_i7993
_si
949 _a580.972 U55 v.2
_bBC
_cLIBRO
_d33724000522710
_eLIBRO
_fc.4
_gI. c/e
_h75772
_i7993
_si
949 _a580.972 U55 v.2
_bBC
_cLIBRO
_d33724000522728
_eLIBRO
_fc.5
_gI. c/e
_h75773
_i7993
_si
949 _a580.972 U55 v.2
_bBC
_cLIBRO
_d33724000572798
_eLIBRO
_fc.2
_gI. c/e
_h75770
_i7993
_si
999 _c7791
_d7791